| 000 | 00633nam a2200241Ia 4500 | ||
|---|---|---|---|
| 003 | OSt | ||
| 005 | 20221005083928.0 | ||
| 006 | a|||||r|||| 00| 0 | ||
| 007 | ta | ||
| 008 | 221004b |||||||| |||| 00| 0 eng d | ||
| 024 | _a53359 | ||
| 037 | _cTextual | ||
| 040 |
_aCRL _cCRL _beng |
||
| 041 |
_2eng _aeng |
||
| 082 | _aR43,(MV4), M4 | ||
| 100 | _aJohnson James Turner | ||
| 245 | 0 | _aCan modern war be just ? | |
| 260 |
_aNew Haven _bYale University Press _c1984 |
||
| 300 |
_a215p. _ccm. |
||
| 650 | _aPHILOSOPHY | ||
| 942 |
_hR43,(MV4), M4 _cTEXL _2cc |
||
| 999 |
_c991772 _d991772 |
||